000 00728nam a2200289Ia 4500
005 20260324135353.0
008 008 260324s9999 xx 000 0 eng d
020 _a9781410605429
037 _aEBOOK
040 _aCRL
040 _beng
040 _cCRL
041 _2eng
041 _aeng
084 _qCRL
100 _aMaenette K.P. A Benham; Joanne Elizabet Cooper
_91200350
245 0 _aIndigenous Educational Models for Contemporary Practice
245 0 _bIn Our Mother's Voice
260 _bTaylor and Francis
260 _c2000
365 _a
365 _b230
856 _uhttp://www.taylorfrancis.com/books/9781410605429
942 _cEBOOK
999 _c1801339
_d1801339